Memoria y deseo (Record no. 149548)
[ view plain ]
| 000 -LEADER | |
|---|---|
| campo de control de longitud fija | 00749nam a2200241 i 4500 |
| 001 - NÚMERO DE CONTROL | |
| campo de control | 149548 |
| 003 - IDENTIFICADOR DE NÚMERO DE CONTROL | |
| campo de control | ES-MaACL |
| 005 - FECHA Y HORA DE LA ÚLTIMA TRANSACCIÓN | |
| campo de control | 20240521134257.0 |
| 007 - CAMPO FIJO DE DESCRIPCIÓN FÍSICA--INFORMACIÓN GENERAL | |
| campo de control de longitud fija | t| |
| 008 - DATOS DE LONGITUD FIJA--INFORMACIÓN GENERAL | |
| campo de control de longitud fija | 071023s1986 sp ||||1| spa d |
| 020 ## - NÚMERO INTERNACIONAL ESTÁNDAR DEL LIBRO | |
| Número Internacional Estándar del Libro | 84-322-3862-7 |
| 080 ## - NÚMERO DE LA CLASIFICACIÓN DECIMAL UNIVERSAL | |
| Número de la Clasificación Decimal Universal | 821.134.2-14"19" |
| 100 0# - ENTRADA PRINCIPAL--NOMBRE DE PERSONA | |
| Nombre de persona | Vázquez Montalbán, Manuel, |
| Fechas asociadas al nombre | 1939- |
| 9 (RLIN) | 113463 |
| 245 10 - MENCIÓN DEL TÍTULO | |
| Título | Memoria y deseo |
| Resto del título | : obra poética (1963-1983) / |
| Mención de responsabilidad, etc. | Manuel Vázquez Montalbán ; [introducción por J. M. Castellet]. |
| 250 ## - MENCION DE EDICION | |
| Mención de edición | 1ª ed. |
| 260 ## - PUBLICACIÓN, DISTRIBUCIÓN, ETC. | |
| Lugar de publicación, distribución, etc. | Barcelona : |
| Nombre del editor, distribuidor, etc. | Seix Barral, |
| Fecha de publicación, distribución, etc. | 1986. |
| 300 ## - DESCRIPCIÓN FÍSICA | |
| Extensión | 284 p. ; |
| Dimensiones | 20 cm. |
| 490 1# - MENCIÓN DE SERIE | |
| Mención de serie | Serie mayor |
| 700 1# - ENTRADA AGREGADA--NOMBRE PERSONAL | |
| Nombre de persona | Castellet, J. M., |
| Fechas asociadas al nombre | 1926-2014 |
| 9 (RLIN) | 156498 |
| 830 0# - PUNTO DE ACCESO ADICIONAL DE SERIE-TÍTULO UNIFORME | |
| Título uniforme | Serie mayor |
| 9 (RLIN) | 177793 |
| 852 ## - LOCALIZACIÓN | |
| Ubicación | ES-MaACL |
| Número de control de estantería | L-11348 |
| Estatus retirado | Estado de pérdida | Estado de daño | No para préstamo | Biblioteca de origen | Biblioteca actual | Ubicación en estantería | Fecha de adquisición | Fuente de adquisición | Total de préstamos | Signatura topográfica completa | Código de barras | Visto por última vez | Precio de reemplazo | Tipo de ítem Koha |
|---|---|---|---|---|---|---|---|---|---|---|---|---|---|---|
| Biblioteca del Ateneo de Madrid | Biblioteca del Ateneo de Madrid | Depósito 2 | 17/01/2008 | L-11348 | 1156058 | 23/02/2023 | 23/02/2023 | Libro impreso |
